Recursos y garantías del contribuyente / Eduardo González Paez
ISBN:
84-600-1770-2
Descripción Física:
XXXI, 266 p. ; 24 cm
Colección:
Guías fiscales
MARC
| LEADER | 00000nam a2200000Ia 4500 | ||
|---|---|---|---|
| 001 | 14428 | ||
| 008 | 160829s9999 xx 000 0 cat d | ||
| 020 | |a 84-600-1770-2 | ||
| 080 | |a D-3-17 | ||
| 100 | |a González Paez, Eduardo |9 37882 | ||
| 245 | |a Recursos y garantías del contribuyente / Eduardo González Paez | ||
| 250 | |a 2a ed., act. y aum. | ||
| 260 | |a [S.l.] : |b Instituto de Estudios Fiscales, DL 1975 | ||
| 300 | |a XXXI, 266 p. ; |c 24 cm | ||
| 490 | |a Guías fiscales | ||
| 590 | |a Índexs. | ||
| 590 | |a Referències bibliogràfiques | ||
| 650 | 0 | |a Recursos administratius |x Espanya |9 45305 | |
| 650 | 0 | |a Dret fiscal |z Espanya |9 18737 | |
| 710 | |a Instituto de Estudios Fiscales (Madrid) |9 52635 | ||
| 901 | |a Arxiu | ||
| 942 | |n 1 | ||
| 952 | |0 0 |1 0 |4 0 |6 D317 |7 1 |9 48134 |a Arxiu |b Arxiu |d 2016-12-01 |l 0 |o D-3-17 |p 14428 |r 2016-12-01 00:00:00 |w 2016-12-01 |y ARXIU | ||
| 999 | |c 51937 |d 51937 | ||